ARRUPE JESUIT UNIVERSITY

CORONAVIRUS -STOP THE SPREAD - CLEAN,DISINFECT,COVER

The Challenge of l'Arche / (Record no. 121823)

MARC details
000 -LEADER
fixed length control field 00803cam a2200241 a 4500
001 - CONTROL NUMBER
control field 3289146
003 - CONTROL NUMBER IDENTIFIER
control field ARRUPE
005 - DATE AND TIME OF LATEST TRANSACTION
control field 20150122163942.0
008 - FIXED-LENGTH DATA ELEMENTS--GENERAL INFORMATION
fixed length control field 820914s1982 enka 000 0 eng
010 ## - LIBRARY OF CONGRESS CONTROL NUMBER
LC control number 82206826
020 ## - INTERNATIONAL STANDARD BOOK NUMBER
International Standard Book Number 0232515603 (pbk.) :
Terms of availability £6.95
040 ## - CATALOGING SOURCE
Original cataloging agency DLC
Transcribing agency DLC
Modifying agency DLC
-- OCoLC
-- DLC
050 00 - LIBRARY OF CONGRESS CALL NUMBER
Classification number HV3004
Item number .V258
082 00 - DEWEY DECIMAL CLASSIFICATION NUMBER
Classification number 362.3/85
Edition number 19
300 ## - PHYSICAL DESCRIPTION
Other physical details ill. ;
Dimensions 22 cm.
245 04 - TITLE STATEMENT
Title The Challenge of l'Arche /
Statement of responsibility, etc introduction and conclusion by Jean Vanier.
260 ## - PUBLICATION, DISTRIBUTION, ETC. (IMPRINT)
Place of publication, distribution, etc London :
Name of publisher, distributor, etc Darton, Longman, and Todd,
Date of publication, distribution, etc 1982.
300 ## - PHYSICAL DESCRIPTION
Extent 276 p. :
610 20 - SUBJECT ADDED ENTRY--CORPORATE NAME
Corporate name or jurisdiction name as entry element Arche (Association)
9 (RLIN) 14392
650 #0 - SUBJECT ADDED ENTRY--TOPICAL TERM
Topical term or geographic name as entry element Church work with the developmentally disabled
General subdivision Catholic Church.
9 (RLIN) 14393
700 1# - ADDED ENTRY--PERSONAL NAME
Personal name Vanier, Jean,
Dates associated with a name 1928-
9 (RLIN) 14391
906 ## - LOCAL DATA ELEMENT F, LDF (RLIN)
a 7
b cbc
c orignew
d 2
e ncip
f 19
g y-gencatlg
942 ## - ADDED ENTRY ELEMENTS (KOHA)
Source of classification or shelving scheme Library of Congress Classification
Koha item type Monograph ( Printed materials)
Holdings
Withdrawn status Lost status Source of classification or shelving scheme Damaged status Not for loan Collection code Home library Current library Shelving location Date acquired Total Checkouts Full call number Barcode Date last seen Copy number Price effective from Koha item type
    Library of Congress Classification     Main Collection ARRUPE LIBRARY ARRUPE LIBRARY Main Collection 20/01/2015   HV3004 .V258 46500003086 30/04/2018 1 20/01/2015 Monograph ( Printed materials)

 

Arrupe Library. PO Box MP320 Mt Pleasant, Harare, Zimbabwe
263 242 745411|librarian@aju.ac.zw